[Event "Open Nord"]
[Site "?"]
[Date "2009.12.19"]
[Round "4"]
[White "Alpe, Jean-Charles"]
[Black "Raymond, Xavier"]
[Result "1-0"]
[WhiteElo "1620"]
[BlackElo "1499"]
[PlyCount "61"]

1. c4 e5 2. g3 Nf6 3. Bg2 c6 4. Nf3 e4 5. Ng5 d5 6. cxd5 Qxd5 7. d3 Bb4+ 8. Bd2
Bxd2+ 9. Qxd2 O-O 10. Nxe4 Ng4 11. Nf6+ Nxf6 12. Bxd5 Nxd5 13. O-O Bh3 14. Re1
f5 15. Nc3 Nf6 16. e3 Nbd7 17. d4 Rad8 18. Qc2 Rde8 19. Qb3+ Kh8 20. Qxb7 Rb8
21. Qxc6 Rxb2 22. Rab1 Rd2 23. Re2 Rxe2 24. Nxe2 Nb6 25. Nf4 Bg4 26. Qb7 h6 27.
Ng6+ Kg8 28. Nxf8 Kxf8 29. Qxa7 Nbd7 30. Rb7 Ke7 31. a4 1-0

[Event "Open Nord"]
[Site "?"]
[Date "2009.12.19"]
[Round "4"]
[White "Madranges, Jean"]
[Black "Meyer, Eric"]
[Result "1-0"]
[WhiteElo "1773"]
[BlackElo "1560"]
[PlyCount "85"]

1. d4 Nf6 2. Nf3 e6 3. Bg5 Be7 4. Nbd2 d5 5. e3 Nbd7 6. Bd3 O-O 7. O-O c5 8. c3
c4 9. Bc2 Qc7 10. e4 dxe4 11. Nxe4 Nd5 12. Bxe7 Nxe7 13. Qe2 b5 14. Neg5 g6 15.
Rfe1 Qc6 16. a4 a6 17. axb5 axb5 18. Rxa8 Qxa8 19. Nxe6 fxe6 20. Qxe6+ Rf7 21.
Ng5 Qd5 22. Nxf7 Qxe6 23. Nh6+ Kg7 24. Rxe6 Nd5 25. Re8 N7b6 26. Rxc8 Nxc8 27.
Ng4 Ncb6 28. Ne3 Nf4 29. Kf1 Kf7 30. g3 Nd3 31. Nd1 Ke6 32. Ke2 Nc1+ 33. Kd2
Nb3+ 34. Bxb3 cxb3 35. f4 Kf5 36. Ne3+ Ke4 37. h3 Na4 38. Nd1 Kf3 39. d5 Kxg3
40. d6 Nb6 41. Ne3 Kxf4 42. Nd5+ Ke5 43. Nxb6 1-0

[Event "Open Nord"]
[Site "?"]
[Date "2010.01.09"]
[Round "5"]
[White "Madranges, Jean"]
[Black "Dudognon, Thibault"]
[Result "0-1"]
[WhiteElo "1784"]
[BlackElo "1670"]
[PlyCount "66"]

1. d4 c5 2. e3 Nf6 3. Nf3 g6 4. Nbd2 d5 5. b3 Bg7 6. Bb2 O-O 7. Bd3 Nc6 8. a3
cxd4 9. exd4 Re8 10. Ne5 Nxe5 11. dxe5 Nd7 12. Qe2 f6 13. f4 fxe5 14. fxe5 Rf8
15. Nf3 Nc5 16. O-O Bg4 17. Rad1 Ne6 18. Kh1 Nf4 19. Qe1 e6 20. Qg3 Bxf3 21.
Rxf3 Nh5 22. Qg4 Rxf3 23. gxf3 Qe7 24. Rg1 Rf8 25. Bc1 Qf7 26. f4 Kh8 27. Rf1
Bh6 28. Qh4 Kg7 29. f5 exf5 30. Bxh6+ Kxh6 31. Rg1 d4 32. Qg5+ Kg7 33. Qxh5
Qd5+ 0-1

[Event "Open Nord"]
[Site "?"]
[Date "2010.01.09"]
[Round "5"]
[White "Garcia, Robustiano"]
[Black "Alpe, Jean-Charles"]
[Result "1/2-1/2"]
[WhiteElo "1720"]
[BlackElo "1620"]
[PlyCount "80"]

1. d4 d5 2. c4 e6 3. Nc3 Nf6 4. Bg5 Be7 5. e3 O-O 6. Nf3 h6 7. Bh4 b6 8. Be2
Bb7 9. Rc1 Ne4 10. Bxe7 Qxe7 11. cxd5 Nxc3 12. Rxc3 exd5 13. O-O c5 14. Qc2 Nd7
15. Rc1 c4 16. b3 b5 17. bxc4 bxc4 18. Rb1 Nb6 19. Ne5 Qd6 20. a4 Rab8 21. Bf3
f5 22. a5 Nd7 23. Nxc4 Qe6 24. Nd2 Ba6 25. Rc6 Rbc8 26. Rc1 Qf7 27. Qb2 Rb8 28.
Qa2 Bc4 29. Nxc4 dxc4 30. Qxc4 Qxc4 31. R6xc4 Nf6 32. Rc7 a6 33. Ra7 Rb2 34.
Rxa6 Rfb8 35. Rac6 Kh7 36. Kf1 Ra2 37. a6 Rbb2 38. Ke1 Ne4 39. Bxe4 Re2+ 40.
Kf1 Rxf2+ 1/2-1/2

[Event "Open Nord"]
[Site "?"]
[Date "2010.01.09"]
[Round "5"]
[White "Gozzo, Jean-Claude"]
[Black "Benezra, Amos"]
[Result "1/2-1/2"]
[WhiteElo "1700"]
[BlackElo "1660"]
[PlyCount "119"]

1. d4 Nf6 2. c4 g6 3. Nc3 Bg7 4. e4 d6 5. f3 O-O 6. Be3 e5 7. Qd2 exd4 8. Bxd4
Nc6 9. Be3 Be6 10. Bh6 a5 11. Bxg7 Kxg7 12. b3 Qe7 13. O-O-O Rab8 14. Nge2 Ne5
15. Nf4 Bd7 16. Nfd5 Nxd5 17. Nxd5 Qd8 18. Be2 b5 19. Ne3 bxc4 20. Nxc4 Nxc4
21. Bxc4 Bb5 22. Qd5 Bxc4 23. Qxc4 Qf6 24. Qd4 Qxd4 25. Rxd4 Rb4 26. Rhd1 Rfb8
27. Kc2 a4 28. Rxb4 Rxb4 29. bxa4 Rxa4 30. Kb3 Ra7 31. Rd4 Rb7+ 32. Rb4 Ra7 33.
a4 Ra5 34. Rb5 Rxb5+ 35. axb5 Kf6 36. Kc4 Ke5 37. g3 g5 38. g4 h6 39. h3 f6 40.
Kc3 d5 41. exd5 Kxd5 42. Kb4 Kd4 43. Ka5 Kc5 44. Ka4 c6 45. bxc6 Kxc6 46. Kb4
Kd5 47. Kc3 Ke5 48. Kd3 Kf4 49. Ke2 Kg3 50. Ke3 Kxh3 51. Ke4 Kh4 52. Ke3 h5 53.
gxh5 Kxh5 54. Kf2 Kh4 55. Kg2 f5 56. Kh2 g4 57. fxg4 fxg4 58. Kg2 g3 59. Kg1
Kh3 60. Kh1 1/2-1/2

[Event "Open Nord"]
[Site "?"]
[Date "2010.01.09"]
[Round "5"]
[White "Schiano-Lomoriello, Didier"]
[Black "Benezra, David"]
[Result "1/2-1/2"]
[WhiteElo "1510"]
[BlackElo "1480"]
[PlyCount "64"]

1. e4 c5 2. Nf3 e6 3. d4 cxd4 4. Nxd4 a6 5. Nc3 b5 6. a3 Qc7 7. Be2 Bb7 8. O-O
Nf6 9. f3 d6 10. Be3 Be7 11. Qd2 O-O 12. Bg5 Nbd7 13. Rfd1 h6 14. Bh4 Ne5 15.
Bg3 Nc4 16. Bxc4 bxc4 17. Qe2 Rfe8 18. Kh1 Nh5 19. Bf2 d5 20. exd5 exd5 21. Qd2
Bf6 22. Re1 Nf4 23. Rxe8+ Rxe8 24. Re1 Rxe1+ 25. Qxe1 Qe5 26. Qd2 Qg5 27. Bg3
Ne6 28. Qxg5 Bxg5 29. Bf2 Bc8 30. Na4 Nxd4 31. Bxd4 f6 32. Kg1 Bf4 1/2-1/2

[Event "Open Nord"]
[Site "?"]
[Date "2010.01.09"]
[Round "5"]
[White "Joubert, Leo"]
[Black "Carre, Pierre-Jean"]
[Result "1-0"]
[WhiteElo "1399"]
[BlackElo "1499"]
[PlyCount "79"]

1. c4 c5 2. Nc3 Nc6 3. e4 e5 4. Nge2 d6 5. d3 Nf6 6. g3 Be7 7. Bg2 Bd7 8. O-O
O-O 9. a3 Rb8 10. Bd2 a6 11. f4 exf4 12. Bxf4 Ne5 13. Nd5 Nxd5 14. exd5 b5 15.
Bxe5 dxe5 16. Nc3 Qb6 17. Rf2 b4 18. Na4 Bxa4 19. Qxa4 Qg6 20. Qc2 f5 21. Raf1
Bg5 22. Qe2 Rbe8 23. axb4 cxb4 24. b3 f4 25. Be4 Qd6 26. Qh5 Qh6 27. Qxh6 Bxh6
28. g4 Rc8 29. h4 g6 30. Ra1 Ra8 31. Ra5 Kf7 32. g5 Bg7 33. Rfa2 h6 34. Rxa6
Rxa6 35. Rxa6 hxg5 36. hxg5 Rh8 37. Ra7+ Kf8 38. Ra8+ Kf7 39. Rxh8 Bxh8 40. c5
1-0

[Event "Open Nord"]
[Site "?"]
[Date "2010.01.09"]
[Round "5"]
[White "Raymond, Xavier"]
[Black "Lagier, Ludovic"]
[Result "0-1"]
[WhiteElo "1350"]
[BlackElo "1490"]
[PlyCount "76"]

1. e4 c6 2. d4 d5 3. Nd2 dxe4 4. Nxe4 Bf5 5. Ng3 Bg6 6. h4 h6 7. h5 Bh7 8. Nf3
e6 9. Bd3 Bxd3 10. Qxd3 Bd6 11. Ne4 Bc7 12. g4 Nf6 13. Nxf6+ gxf6 14. Be3 Qd5
15. Rh3 b5 16. a3 Nd7 17. O-O-O Qa2 18. Nd2 a5 19. Qb3 Qa1+ 20. Nb1 Nb6 21. d5
Nxd5 22. c4 a4 23. Qd3 Be5 24. Rd2 bxc4 25. Qxc4 Kd7 26. f4 Bd6 27. Rd1 Rhb8
28. Qd4 Rb3 29. Rh2 Bxa3 30. Qxf6 Rxe3 31. Qxf7+ Be7 32. f5 Rf8 33. Qh7 a3 34.
Rf2 exf5 35. gxf5 a2 36. Kc2 axb1=Q+ 37. Rxb1 Qa4+ 38. b3 Rc3+ 0-1

[Event "Open Nord"]
[Site "?"]
[Date "2010.01.09"]
[Round "5"]
[White "Urcun, Gael"]
[Black "Meyer, Eric"]
[Result "1-0"]
[WhiteElo "1680"]
[BlackElo "1490"]
[PlyCount "81"]

1. e4 c5 2. Nc3 d6 3. g3 Nc6 4. Bg2 Nf6 5. d3 e5 6. h3 Be7 7. Nge2 O-O 8. Be3
Be6 9. f4 exf4 10. Nxf4 Ne5 11. Qd2 Qd7 12. O-O-O Rac8 13. g4 Ne8 14. Rdf1 f6
15. Nxe6 Qxe6 16. Qf2 Bd8 17. g5 Rf7 18. Qf5 Qxf5 19. exf5 fxg5 20. Bd5 Bf6 21.
Ne4 h6 22. Rhg1 Kf8 23. Bxf7 Kxf7 24. a4 Bd8 25. Bd2 a5 26. Bc3 Bb6 27. Rg2 Bc7
28. Bxe5 dxe5 29. Nxc5 b6 30. Ne4 Rd8 31. h4 gxh4 32. Rh2 Rd4 33. Rxh4 Nf6 34.
b3 Bd8 35. Kd2 Nxe4+ 36. Rxe4 Rxe4 37. dxe4 Be7 38. Kd3 Bc5 39. Kc4 Ke8 40. Kd5
Bd4 41. Rf3 1-0

[Event "Open Nord"]
[Site "?"]
[Date "2010.01.09"]
[Round "5"]
[White "Jean, Nicolas"]
[Black "Montanelli, Tristan"]
[Result "1-0"]
[WhiteElo "1690"]
[BlackElo "1646"]
[PlyCount "69"]

1. e4 e6 2. d4 c5 3. Nf3 cxd4 4. Nxd4 Bc5 5. Nb3 Bb6 6. Nc3 Ne7 7. Bd3 O-O 8.
O-O Nbc6 9. Bg5 f6 10. Bf4 Ne5 11. Be2 a6 12. Nd4 Bc7 13. Be3 d5 14. exd5 Nxd5
15. Nxd5 Qxd5 16. f4 Nc4 17. Bxc4 Qxc4 18. Qf3 Bd7 19. b3 Qc3 20. Rad1 Qa5 21.
Nf5 Bb5 22. c4 exf5 23. cxb5 axb5 24. Rd7 Rab8 25. Qd5+ Kh8 26. Bc5 Rg8 27. b4
Qa3 28. Rxc7 b6 29. Be7 Qe3+ 30. Kh1 Rbe8 31. Qf7 Qe2 32. Rfc1 Qe3 33. h3 Qe4
34. Bxf6 Ref8 35. Bxg7+ 1-0

[Event "Open Nord"]
[Site "?"]
[Date "2010.01.30"]
[Round "6"]
[White "Montanelli, Tristan"]
[Black "Madranges, Jean"]
[Result "1-0"]
[WhiteElo "1646"]
[BlackElo "1784"]
[PlyCount "159"]

1. b3 d5 2. Bb2 Nf6 3. e3 Bf5 4. Nf3 Nbd7 5. g3 e6 6. Bg2 Bd6 7. d3 c6 8. Nbd2
Qe7 9. O-O e5 10. Nh4 Bg4 11. f3 Be6 12. f4 Bg4 13. Bf3 Bxf3 14. Ndxf3 g6 15.
fxe5 Nxe5 16. Nxe5 Bxe5 17. Bxe5 Qxe5 18. Qf3 Ke7 19. Rae1 Rhf8 20. Ng2 Nd7 21.
e4 d4 22. Nf4 Rae8 23. Qf2 Kd8 24. Ne2 c5 25. Nf4 f5 26. Qd2 Qd6 27. Nd5 fxe4
28. Qg5+ Kc8 29. Rxe4 Rxf1+ 30. Kxf1 Qf8+ 31. Qf4 Qxf4+ 32. gxf4 Rf8 33. Kg2
Kd8 34. Kg3 Nf6 35. Nxf6 Rxf6 36. Kg4 Rf5 37. h4 h5+ 38. Kg3 Rf6 39. Re5 b6 40.
a4 a5 41. f5 gxf5 42. Kf4 Rg6 43. Kxf5 Rg4 44. Re4 Rg2 45. Re6 Rxc2 46. Rxb6
Rc3 47. Ke4 Kc7 48. Rb5 Kc6 49. Rxa5 Rxb3 50. Ra6+ Kb7 51. Rh6 c4 52. dxc4 d3
53. Rd6 d2 54. Rxd2 Rh3 55. Rd6 Rxh4+ 56. Kd5 Rh1 57. Kc5 h4 58. Rh6 h3 59.
Rh7+ Ka6 60. a5 h2 61. Rh6+ Kb7 62. Rb6+ Ka7 63. Rb2 Ka6 64. Ra2 Rg1 65. Rxh2
Rg5+ 66. Kb4 Rg8 67. Rh6+ Ka7 68. c5 Rb8+ 69. Rb6 Rc8 70. Kb5 Rf8 71. Rh6 Kb7
72. c6+ Kc7 73. Rh7+ Kb8 74. Rd7 Rc8 75. a6 Ka8 76. Kc5 Kb8 77. Kd6 Ka8 78. c7
Ka7 79. Rd8 Rxc7 80. Kxc7 1-0

[Event "Open Nord"]
[Site "?"]
[Date "2010.01.30"]
[Round "6"]
[White "Alpe, Jean-Charles"]
[Black "Jean, Nicolas"]
[Result "0-1"]
[WhiteElo "1570"]
[BlackElo "1690"]
[PlyCount "90"]
[EventDate "2010.??.??"]

1. d4 d5 2. Nf3 Bf5 3. e3 e6 4. c3 c5 5. Bd3 Bxd3 6. Qxd3 Nf6 7. Nbd2 Nc6 8.
O-O Bd6 9. dxc5 Bxc5 10. Qe2 O-O 11. Nb3 Bd6 12. Nbd4 Qc7 13. Nb5 Qe7 14. Nxd6
Qxd6 15. b3 Rac8 16. Bb2 Na5 17. Rac1 Qe7 18. Rfd1 Rc7 19. Nd2 Rfc8 20. e4 a6
21. exd5 Nxd5 22. c4 Nf6 23. Ne4 Nxe4 24. Qxe4 f5 25. Qe2 Nc6 26. Re1 Re8 27.
Rcd1 e5 28. Rd5 Rd7 29. Rxd7 Qxd7 30. Rd1 Qe6 31. f3 Qe7 32. Rd5 Qc7 33. Qd2
Nb8 34. c5 Nc6 35. Rd7 Qc8 36. Qd5+ Kh8 37. Qf7 Ne7 38. Qe6 Qxc5+ 39. Kf1 Qb5+
40. Kf2 Qc5+ 41. Ke2 Qc2+ 42. Rd2 Qc5 43. Kf1 Qb5+ 44. Kf2 Ng6 45. Qxf5 Qc5+ {
temps} 0-1

[Event "Open Nord"]
[Site "?"]
[Date "2010.01.30"]
[Round "6"]
[White "Carre, Pierre-Jean"]
[Black "Schiano-Lomoriello, Didier"]
[Result "0-1"]
[WhiteElo "1340"]
[BlackElo "1510"]
[PlyCount "100"]

1. d4 Nf6 2. c4 g6 3. Nc3 d5 4. cxd5 Nxd5 5. Ne4 Bg7 6. Nf3 O-O 7. Bd2 Nc6 8.
e3 e5 9. dxe5 Nxe5 10. Be2 Nxf3+ 11. Bxf3 Bxb2 12. Rb1 Bg7 13. O-O Rb8 14. Qb3
b6 15. Rfd1 Nf6 16. Ng3 Bb7 17. e4 Qe7 18. Bf4 Rbd8 19. Rxd8 Rxd8 20. e5 Nd5
21. Bxd5 Rxd5 22. e6 fxe6 23. h4 Be5 24. Qe3 Bxf4 25. Qxf4 Qf7 26. Qxf7+ Kxf7
27. Ne4 h6 28. g4 Rd4 29. Nc5 Rxg4+ 30. Kh2 Bd5 31. Kh3 h5 32. Nd7 Ra4 33. Rg1
Be4 34. Ra1 Bf5+ 35. Kg3 Rg4+ 36. Kf3 Rxh4 37. a4 Re4 38. a5 Rd4 39. axb6 axb6
40. Ne5+ Kf6 41. Nc6 Rd6 42. Na7 c5 43. Ra6 c4 44. Nc8 Rc6 45. Na7 Rc7 46. Nb5
Rc5 47. Rxb6 c3 48. Nd6 c2 49. Ne8+ Ke7 50. Ng7 c1=Q 0-1

[Event "Open Nord"]
[Site "?"]
[Date "2010.01.30"]
[Round "6"]
[White "Raymond, Xavier"]
[Black "Gozzo, Jean-Claude"]
[Result "1/2-1/2"]
[WhiteElo "1350"]
[BlackElo "1710"]
[PlyCount "121"]

1. e4 e6 2. d4 d5 3. Nd2 Nf6 4. e5 Nfd7 5. Bd3 c5 6. c3 Nc6 7. Ne2 Qb6 8. Nf3
Be7 9. O-O O-O 10. Bb1 f6 11. Qd3 g6 12. Qe3 fxe5 13. dxe5 Qc7 14. Qh6 Ndxe5
15. Bf4 Nxf3+ 16. gxf3 Ne5 17. Kh1 Bd6 18. Rg1 Qg7 19. Rg2 Qxh6 20. Bxh6 Rxf3
21. Bc2 Nf7 22. Be3 Bd7 23. Rag1 Nh8 24. Bh6 e5 25. Bb3 Bc6 26. Rd1 c4 27. Bc2
d4 28. cxd4 Rxf2 29. d5 Rxg2 30. Kxg2 Bd7 31. b3 b5 32. Nc3 Re8 33. Ne4 Be7 34.
d6 Bd8 35. Nc5 Bc6+ 36. Be4 Bxe4+ 37. Nxe4 Nf7 38. d7 Re6 39. Nc5 Rc6 40. Be3
Rd6 41. Rxd6 Nxd6 42. Bd2 Kf7 43. Kf3 Nf5 44. Nb7 Ke7 45. Bg5+ Kxd7 46. Nxd8
cxb3 47. axb3 Nd4+ 48. Ke4 Nxb3 49. Kxe5 a5 50. Ne6 a4 51. Nd4 Nxd4 52. Kxd4
Kc6 53. Be7 h6 54. h4 g5 55. h5 Kd7 56. Bf8 Ke6 57. Bxh6 Kf5 58. Bf8 g4 59. Ke3
Kg5 60. h6 Kg6 61. Kf4 1/2-1/2

[Event "Open Nord"]
[Site "?"]
[Date "2010.01.30"]
[Round "6"]
[White "Dudognon, Thibault"]
[Black "Urcun, Gael"]
[Result "1-0"]
[WhiteElo "1680"]
[BlackElo "1680"]
[PlyCount "93"]

1. e4 c6 2. d4 d5 3. Nc3 dxe4 4. Nxe4 Bf5 5. Ng3 Bg6 6. h4 h6 7. Nf3 Nd7 8. h5
Bh7 9. Bd3 Bxd3 10. Qxd3 Ngf6 11. Bf4 e6 12. O-O-O Be7 13. Kb1 O-O 14. Ne4 Nxe4
15. Qxe4 Nf6 16. Qe2 Qd5 17. Ne5 Qe4 18. Be3 Nd5 19. Rhe1 a5 20. Rd3 Bb4 21.
Bd2 Qxe2 22. Rxe2 Bxd2 23. Rexd2 Nf4 24. Rf3 Nxh5 25. Nd7 Rfd8 26. Nc5 b6 27.
Ne4 f5 28. Nc3 Nf6 29. Re3 Kf7 30. Rde2 Rd6 31. Kc1 b5 32. f3 Rad8 33. b3 f4
34. Re5 Re8 35. Rd2 Nd5 36. Ne4 Rdd8 37. Nc5 Ne3 38. Nb7 Rd7 39. Nxa5 Ra8 40.
Nxc6 Rxa2 41. Rxb5 Nd5 42. Ne5+ Ke7 43. Nxd7 Kxd7 44. Rb7+ Kd6 45. Rxg7 Kc6 46.
c4 Ra1+ 47. Kb2 1-0

[Event "Open Nord"]
[Site "?"]
[Date "2010.01.30"]
[Round "6"]
[White "Lagier, Ludovic"]
[Black "Garcia, Robustiano"]
[Result "0-1"]
[WhiteElo "1490"]
[BlackElo "1720"]
[PlyCount "28"]

1. e4 c5 2. Nc3 Nc6 3. g3 g6 4. Bg2 Bg7 5. Nge2 d6 6. d3 b6 7. e5 Bb7 8. exd6
Qxd6 9. Bf4 e5 10. Ne4 Qd7 11. Bd2 f5 12. N4c3 Nd4 13. Bxb7 Qxb7 14. O-O Nf3+
0-1

[Event "Open Nord"]
[Site "?"]
[Date "2010.01.30"]
[Round "6"]
[White "Roux, Jean-Marie"]
[Black "Benezra, Amos"]
[Result "1-0"]
[WhiteElo "1490"]
[BlackElo "1660"]
[PlyCount "51"]

1. e4 c5 2. Nf3 d6 3. Nc3 Nf6 4. Bc4 g6 5. d3 Bg7 6. Bg5 O-O 7. Qd2 Nc6 8. Bh6
e6 9. Bxg7 Kxg7 10. h4 h5 11. O-O-O a6 12. Kb1 d5 13. e5 Nd7 14. g4 Rh8 15.
gxh5 Rxh5 16. Bb3 Ncxe5 17. Ng5 Qe7 18. Ne2 c4 19. dxc4 dxc4 20. f4 cxb3 21.
fxe5 bxc2+ 22. Qxc2 Qc5 23. Qxc5 Nxc5 24. Rhf1 Rxh4 25. Rxf7+ Kg8 26. Rd8# 1-0

[Event "Open Nord"]
[Site "?"]
[Date "2010.02.27"]
[Round "7"]
[White "Urcun, Gael"]
[Black "Alpe, Jean-Charles"]
[Result "1-0"]
[WhiteElo "1680"]
[BlackElo "1570"]
[PlyCount "127"]

1. e4 e5 2. Bc4 Nf6 3. d3 d6 4. Nc3 Be7 5. f4 Nbd7 6. Nf3 O-O 7. O-O c6 8. Bb3
Qc7 9. fxe5 dxe5 10. a3 Nc5 11. Ba2 Be6 12. Bxe6 Nxe6 13. Qe1 h6 14. Kh1 Nh7
15. Qg3 Nf4 16. d4 Nh5 17. Qxe5 Qxe5 18. Nxe5 N5f6 19. Be3 Bd6 20. Nc4 Bc7 21.
h3 Rad8 22. e5 Nd5 23. Nxd5 cxd5 24. Nd2 Rde8 25. Bf4 Re7 26. Rae1 Rfe8 27. Nf3
Nf8 28. c3 Re6 29. Bg3 Nd7 30. Kh2 Nb6 31. Rf2 Nc4 32. Nh4 f6 33. exf6 Bxg3+
34. Kxg3 gxf6 35. Rxe6 Rxe6 36. Ng6 Nd6 37. Kh2 Ne4 38. Rf5 Kg7 39. Nf4 Rd6 40.
Rxd5 Rb6 41. Rd7+ Kg8 42. Nd3 Nd2 43. Rc7 Ne4 44. h4 Nd6 45. Kh3 Nb5 46. Rd7
Nd6 47. Kg4 Nc4 48. Kh5 f5 49. Rc7 Ne3 50. Nf4 Ng4 51. Nd5 Rxb2 52. Ne7+ Kf7
53. Nxf5+ Kf6 54. Kxg4 Rxg2+ 55. Ng3 Rg1 56. Rxb7 h5+ 57. Kh3 Rc1 58. Rxa7 Rxc3
59. a4 Rd3 60. a5 Rxd4 61. a6 Kg6 62. Ra8 Rd7 63. a7 Kf7 64. Rh8 1-0

[Event "Open Nord"]
[Site "?"]
[Date "2010.02.27"]
[Round "7"]
[White "Roux, Jean-Marie"]
[Black "Montanelli, Tristan"]
[Result "0-1"]
[WhiteElo "1510"]
[BlackElo "1646"]
[PlyCount "82"]

1. e4 d5 2. exd5 Qxd5 3. Nc3 Qa5 4. Nf3 Nf6 5. Bc4 Bf5 6. d3 c6 7. Bd2 Qc7 8.
Bg5 Nbd7 9. Qd2 e6 10. h3 h6 11. Be3 b5 12. Bb3 Nc5 13. g4 Nxb3 14. cxb3 Bh7
15. g5 hxg5 16. Nxg5 Bb4 17. O-O-O O-O-O 18. Qe2 Bg6 19. Kb1 a6 20. Ka1 Nd7 21.
h4 Bh5 22. f3 Be7 23. Rc1 Kb7 24. Qf2 Bg6 25. d4 Nb6 26. Ne2 Nd5 27. Bd2 Nb4
28. Rc3 Nc2+ 29. Kb1 Nxd4+ 30. Kc1 Nxe2+ 31. Qxe2 Bb4 32. Ne4 Bxe4 33. Qxe4
Bxc3 34. Bxc3 Qg3 35. Ba5 Rd5 36. Qe3 c5 37. b4 Rc8 38. bxc5 Rcxc5+ 39. Kb1 Qg2
40. Rg1 Qc2+ 41. Ka1 Rd1+ 0-1

[Event "Open Nord"]
[Site "?"]
[Date "2010.02.27"]
[Round "7"]
[White "Benezra, Amos"]
[Black "Schiano-Lomoriello, Didier"]
[Result "0-1"]
[WhiteElo "1660"]
[BlackElo "1510"]
[PlyCount "74"]

1. e4 c5 2. Nf3 d6 3. d4 cxd4 4. c3 dxc3 5. Nxc3 Nf6 6. Bc4 Nc6 7. Bf4 Bg4 8.
Qb3 e6 9. Qxb7 Qc8 10. Ba6 e5 11. Qxc8+ Bxc8 12. Bb5 Bd7 13. Be3 Be7 14. h3 O-O
15. a3 Rab8 16. Rb1 Nxe4 17. Bxc6 Bxc6 18. Bxa7 Nxc3 19. Bxb8 Rxb8 20. Rc1 Bxf3
21. gxf3 Nb5 22. h4 Nd4 23. Rc3 f6 24. b4 Ra8 25. Kd2 Nb5 26. Rb3 Nxa3 27. Kd3
Nb5 28. Kc4 Nd4 29. Rd3 Rb8 30. Ra1 d5+ 31. Kxd5 Rxb4 32. Ra7 Kf7 33. Rc3 Nb5
34. Rac7 Rd4+ 35. Kc6 Nxc3 36. Kb7 Nb5 37. Rc8 Nd6+ 0-1

[Event "Open Nord"]
[Site "?"]
[Date "2010.02.27"]
[Round "7"]
[White "Gozzo, Jean-Claude"]
[Black "Lagier, Ludovic"]
[Result "1-0"]
[WhiteElo "1710"]
[BlackElo "1490"]
[PlyCount "123"]
[EventDate "2010.??.??"]

1. d4 c5 2. d5 d6 3. c4 g6 4. Nc3 Bg7 5. Qc2 Nf6 6. e4 e5 7. f4 Nbd7 8. Nf3 Qe7
9. Bd3 exf4 10. Bxf4 Ng4 11. Nb5 Nde5 12. Nxe5 Nxe5 13. Be2 O-O 14. O-O a6 15.
Nc3 Bd7 16. Qd2 Rab8 17. a4 Rfe8 18. Bg5 f6 19. Bh6 Rf8 20. Bxg7 Qxg7 21. Rf2
Rf7 22. Rb1 b6 23. b4 Qf8 24. Qb2 Bg4 25. bxc5 Bxe2 26. Qxe2 bxc5 27. Rxb8 Qxb8
28. Qb2 Qb4 29. Qxb4 cxb4 30. Ne2 Nxc4 31. Nd4 Re7 32. Rxf6 Rf7 33. Rxf7 Kxf7
34. Kf2 a5 35. Nb3 Kf6 36. Ke2 Ke5 37. Kf3 Nb6 38. Nxa5 Nxa4 39. Nc6+ Kf6 40.
Nxb4 Nc3 41. Nc6 Nb5 42. Kf4 Nc3 43. Nd4 h6 44. Nc6 g5+ 45. Kf3 h5 46. h3 Kg6
47. g4 hxg4+ 48. hxg4 Kf6 49. Ke3 Nd1+ 50. Kf3 Nc3 51. Ke3 Nd1+ 52. Kd4 Nf2 53.
e5+ dxe5+ 54. Nxe5 Ke7 55. Kc5 Kf6 56. d6 Ne4+ 57. Kd5 Nc3+ 58. Kc6 Ke6 59. d7
Ke7 60. Nf3 Kd8 61. Nxg5 Ne2 62. Ne6+ 1-0

[Event "Open Nord"]
[Site "?"]
[Date "2010.02.27"]
[Round "7"]
[White "Benezra, David"]
[Black "Madranges, Jean"]
[Result "0-1"]
[WhiteElo "1480"]
[BlackElo "1784"]
[PlyCount "46"]

1. e4 c5 2. Nc3 Nc6 3. f4 e6 4. Nf3 d5 5. Bb5 d4 6. Bxc6+ bxc6 7. Ne2 Ba6 8. d3
Qb6 9. c4 dxc3 10. bxc3 Rd8 11. c4 Bxc4 12. d4 cxd4 13. Nexd4 Bb4+ 14. Bd2
Bxd2+ 15. Qxd2 Nf6 16. e5 Ne4 17. Qe3 Qb4+ 18. Kd1 Qb2 19. Qxe4 Qxa1+ 20. Kd2
Qxa2+ 21. Kc3 Bd5 22. Qd3 Rb8 23. Qc2 Qa3+ 0-1

[Event "Open Nord"]
[Site "?"]
[Date "2010.02.27"]
[Round "7"]
[White "Jean, Nicolas"]
[Black "Garcia, Robustiano"]
[Result "1-0"]
[WhiteElo "1690"]
[BlackElo "1670"]
[PlyCount "109"]
[EventDate "2010.??.??"]

1. e4 c5 2. Nf3 Nc6 3. Bb5 g6 4. O-O Bg7 5. c3 Nf6 6. Re1 O-O 7. d4 cxd4 8.
cxd4 d5 9. e5 Ne4 10. Bxc6 bxc6 11. Qc2 Qb6 12. Nc3 Bf5 13. Nxe4 Bxe4 14. Qc3
Bxf3 15. gxf3 Rab8 16. b3 Rfc8 17. Ba3 e6 18. Rac1 Qd8 19. f4 Bh6 20. Qg3 Kh8
21. Bd6 Rb7 22. Rc2 Bf8 23. Bxf8 Qxf8 24. Rec1 Rbc7 25. Qg5 h6 26. Qf6+ Qg7 27.
Qxg7+ Kxg7 28. Rc5 Kf8 29. R1c3 Ke7 30. h4 h5 31. b4 Kd7 32. a3 Rb8 33. Kf1 Rb5
34. Ke2 Rxc5 35. Rxc5 Rb7 36. Kd2 Rb5 37. Rc3 a5 38. bxa5 Rxa5 39. Kc2 Kc7 40.
Kb3 Kb6 41. f5 exf5 42. f4 c5 43. a4 cxd4 44. Rd3 Kc6 45. Rd1 d3 46. Rxd3 d4
47. Rd1 Kd5 48. Re1 Rc5 49. a5 Rxa5 50. e6 fxe6 51. Re5+ Kd6 52. Rxa5 e5 53.
Rxe5 d3 54. Kc3 d2 55. Kxd2 1-0

[Event "Open Nord"]
[Site "?"]
[Date "2010.02.27"]
[Round "7"]
[White "Meyer, Eric"]
[Black "Raymond, Xavier"]
[Result "0-1"]
[WhiteElo "1490"]
[BlackElo "1350"]
[PlyCount "52"]

1. d4 Nf6 2. c4 g6 3. Nc3 Bg7 4. Nf3 O-O 5. e4 d6 6. Be2 Nbd7 7. O-O e5 8. d5
Nc5 9. Bg5 h6 10. Bxf6 Bxf6 11. b4 Nd7 12. Qd2 Bg7 13. Rfe1 f5 14. exf5 gxf5
15. Rad1 Nf6 16. Qc2 Nh7 17. h3 Ng5 18. Nh2 Qe8 19. Rd2 Qg6 20. Kh1 Bd7 21. Rg1
Rae8 22. Bd1 e4 23. Re2 e3 24. Rxe3 Rxe3 25. fxe3 Bxc3 26. Qxc3 Ne4 0-1

[Event "Open Nord"]
[Site "?"]
[Date "2010.02.27"]
[Round "7"]
[White "Joubert, Leo"]
[Black "Dudognon, Thibault"]
[Result "0-1"]
[WhiteElo "1399"]
[BlackElo "1680"]
[PlyCount "36"]

1. c4 Nf6 2. Nc3 e6 3. e4 d5 4. e5 Nfd7 5. cxd5 exd5 6. d4 Nb6 7. Bd3 c5 8.
Bb5+ Nc6 9. dxc5 Bxc5 10. Nge2 O-O 11. Bxc6 bxc6 12. Nd4 Bxd4 13. Qxd4 Ba6 14.
Be3 Re8 15. f3 Nc4 16. Ne2 Rxe5 17. b3 Rxe3 18. bxc4 Qe7 0-1

[Event "Open Nord"]
[Site "?"]
[Date "2010.03.20"]
[Round "8"]
[White "Dudognon, Thibault"]
[Black "Gozzo, Jean-Claude"]
[Result "1-0"]
[WhiteElo "1680"]
[BlackElo "1710"]
[PlyCount "51"]

1. e4 e6 2. d4 d5 3. Nd2 Nf6 4. e5 Nfd7 5. Bd3 c5 6. c3 Nc6 7. Ne2 cxd4 8. cxd4
Bb4 9. O-O Qb6 10. Nf3 Be7 11. Bb1 f6 12. Nf4 Nd8 13. Re1 O-O 14. Qd3 f5 15.
Kh1 Nb8 16. g4 Nbc6 17. gxf5 Rxf5 18. Qf1 Rf8 19. Qh3 g6 20. Nxg6 hxg6 21. Bxg6
Rf7 22. Rg1 Rg7 23. Bh7+ Kf8 24. Rxg7 Kxg7 25. Qh6+ Kf7 26. Qg6+ 1-0

[Event "Open Nord"]
[Site "?"]
[Date "2010.03.20"]
[Round "8"]
[White "Madranges, Jean"]
[Black "Jean, Nicolas"]
[Result "0-1"]
[WhiteElo "1786"]
[BlackElo "1666"]
[PlyCount "68"]

1. d4 d5 2. Nf3 Nf6 3. e3 Bf5 4. c4 Bxb1 5. Rxb1 c6 6. cxd5 Nxd5 7. e4 Nf6 8.
e5 Nd5 9. Bc4 e6 10. O-O Be7 11. Be3 Nb6 12. Bd3 N8d7 13. Qd2 h6 14. b4 a6 15.
Qc2 Nd5 16. a3 N7b6 17. Nd2 Rb8 18. Ne4 Nxe3 19. fxe3 Nd5 20. Qe2 O-O 21. Rbe1
f5 22. exf6 Nxf6 23. Nxf6+ Bxf6 24. Qg4 Qd5 25. Qg6 Qg5 26. Qh7+ Kf7 27. Qe4
Qd5 28. Qf4 Ke7 29. Be4 Qd6 30. Qg4 Bg5 31. Rf3 Rf6 32. Rxf6 Bxf6 33. Rf1 Rf8
34. Qg6 Bxd4 0-1

[Event "Open Nord"]
[Site "?"]
[Date "2010.03.20"]
[Round "8"]
[White "Montanelli, Tristan"]
[Black "Urcun, Gael"]
[Result "0-1"]
[WhiteElo "1640"]
[BlackElo "1680"]
[PlyCount "48"]

1. e4 c6 2. d4 d5 3. exd5 cxd5 4. Bd3 Nf6 5. c3 Nc6 6. Bf4 Bg4 7. Qb3 Qd7 8.
Nd2 e6 9. Ngf3 Bxf3 10. Nxf3 Nh5 11. Bg3 Nxg3 12. hxg3 h6 13. Bb5 Bd6 14. O-O-O
a6 15. Qa4 Ke7 16. Be2 b5 17. Qb3 Na5 18. Qc2 b4 19. Rhe1 bxc3 20. b3 Ba3+ 21.
Kb1 Bb2 22. Ne5 Qd6 23. Bg4 Nc4 24. Nxf7 Na3# 0-1